000 00746nam a2200241Ia 4500
003 OSt
005 20220927105119.0
006 a|||||r|||| 00| 0
007 ta
008 220926b |||||||| |||| 00| 0 eng d
024 _a159746
037 _cReference Collections
040 _aRTL
_cRTL
_beng
041 _2eng
_aeng
082 _a"X71211.N81, N1"
110 _a"HIMACHAL PRADESH, PLANINNG (Deptt. of-)"
_9370258
245 0 _aGovernment commercial undertaking 1981-82
260 _aSimla
_bDirectorate of economics and statistics
_c1981
500 _aVarious paginatio
700 _a"HIMACHAL PRADESH, PLANINNG (Deptt. of-)"
_9370259
942 _h"X71211.N81, N1"
_cCC
999 _c690725
_d690725